ბათუმის შოთა რუსთაველის სახელმწიფო უნივერსიტეტის ბიბლიოთეკა

დავით ჩუბინაშვილი : (ბიბ.ჩანაწერი № 50990)

000 -ლიდერი
ფიქსირებული სიგრძის საკონტროლო ველი 01232nam a2200241Ia 4500
001 - საკონტროლო ნომერი
საკონტროლო ველი 17947
003 - საკონტროლო ნომრის იდენტიფიკატორი
საკონტროლო ველი GE_BSU
005 - ბოლო ოპერაციის თარიღი და დრო
საკონტროლო ველი 20200302110916.0
008 - ფიქსირებული სიგრძის მონაცემთა ელემენტები - ზოგადი ინფორმაცია
ფიქსირებული სიგრძის საკონტროლო ველი 181216s1970ge xx |||||||||||||| ||geo||
040 ## - კატალოგიზაციის წყარო
Transcribing agency GE_BSU
041 ## - ენის კოდი
Language code of text/sound track or separate title geo
080 ## - უნივერსალური ათობითი კლასიფიკაციის ინდექსი
Universal Decimal Classification number 81(479.22)(092) კ-52
100 ## - მთავარი ჩანაწერი - პიროვნების სახელი
Personal name კინწურაშვილი, კორნელი.
9 (RLIN) 7667
245 ## - ცნობა სათაურის შესახებ
Title დავით ჩუბინაშვილი :
Remainder of title [მონოგრაფია] /
Statement of responsibility, etc კორნელი კინწურაშვილი ; რედ. ნ.ქართველიშვილი ; მხატვ. გ.გორდელაძე.
264 ## - წარმოების, გამოცემის, დისტრიბუციის და სხვა ცნობები
გამოცემის, წარმოების, დისტრიბუციის... ადგილი თბილისი :
გამოცემის, წარმოების, დისტრიბუციის... სახელწოდება ნაკადული,
გამოცემის, წარმოების, დისტრიბუციის... თარიღი 1970.
300 ## - ფიზიკური აღწერა
Extent 111 გვ. :
Other physical details 1 ფ. პორტრ. ;
Dimensions 20 სმ..
653 ## - INDEX TERM--UNCONTROLLED
Uncontrolled term დავით ჩუბინაშვილი
653 ## - INDEX TERM--UNCONTROLLED
Uncontrolled term მონოგრაფია
653 ## - INDEX TERM--UNCONTROLLED
Uncontrolled term ქართველი ლექსიკოგრაფი; ქართული კულტურის მოღვაწე
700 ## - ADDED ENTRY--PERSONAL NAME
Personal name ქართველიშვილი, ნ
Relator term რედაქტორი
9 (RLIN) 7659
700 ## - ADDED ENTRY--PERSONAL NAME
Personal name გორდელაძე, გ.
Relator term მხატვარი
9 (RLIN) 7668
942 ## - ADDED ENTRY ELEMENTS (KOHA)
Koha item type წიგნი
Source of classification or shelving scheme
ეგზემპლარები
ჩამოწერის სტატუსი დაკარგული ეგზემპლარის სტატუსი კლასიფიკაციის წყარო ან თაროზე გაწყობის სქემა დაზიანების სტატუსი არ გაიცემა მუდმივი მდებარეობა (დაცვის ადგილი) ამჟამინდელი ადგილსამყოფელი თაროზე განთავსების ადგილი შეძენის თარიღი ღირებულება, შესყიდვის ნორმალური ფასი სრული შენახვის შიფრი შტრიხკოდი ბოლო ოპერაციის თარიღი ეგზემპლარის მიმდევრობითი ნომერი (კეტერი?) ფასის ძალაში შესვლის თარიღი ეგზემპლარის სახეობა საჯარო შენიშვნა
          ბათუმის შოთა რუსთაველის სახელმწიფო უნივერსიტეტის მთავარი ბიბლიოთეკა ბათუმის შოთა რუსთაველის სახელმწიფო უნივერსიტეტის მთავარი ბიბლიოთეკა წიგნსაცავი 2018-12-17 0.42 81(479.22)(092) კ-52 45895 2018-12-17 45895 2018-12-17 წიგნი 0.42თ.
          ბათუმის შოთა რუსთაველის სახელმწიფო უნივერსიტეტის მთავარი ბიბლიოთეკა ბათუმის შოთა რუსთაველის სახელმწიფო უნივერსიტეტის მთავარი ბიბლიოთეკა წიგნსაცავი 2018-12-17 0.42 81(479.22)(092) კ-52 45894 2018-12-17 45894 2018-12-17 წიგნი 0.42თ.